00735cam a2200205 a 450000100100000000500170001000800410002704000280006808200160009610000250011224500390013726000430017630000280021950400500024765000190029765000450031691000340036195201190039599900150051400000424420200929151421.0930929s1973 nyu 001 0 eng  aDO-SdBNPcInNddUkdDLC a794.1bE92n1 aEvans, Larry.91254310aNew ideas in chess /cLarry Evans. aNew York :bCornestone Library,c1973. a185 p. :bil. ;c21 cm. aIncluye referencias Bibliografías: (p. 182) 4aAjedrez912544 4aAjedresxEstrategias y tácticas912545 aCatalogación por copia / LC 001052708MOaGRbGRcCTd2009-07-20iLF1l0o794.1 E92np4244-10r2020-06-25w2020-06-25y2ZPréstamo interno c4058d4058